000 00595cam a2200217 a 4500
001 2352101
005 20180206084843.0
008 830608s1983 caua b 001 0 eng
010 _a 83048161
020 _a0875895808
040 _aDLC
_cDLC
_dDLC
041 _aeng
080 _a658.40019 MIT
082 0 0 _a658.40019 MIT
_219
100 1 _a54
101 _aLID
245 1 0 _aStakeholders of the organizational mind /
_cIan I. Mitroff ; foreword by Richard O. Mason.
504 _aBibliography: p. 165-172.
906 _a7
_bcbc
_corignew
_d1
_eocip
_f19
_gy-gencatlg
942 _2ddc
_cBK
999 _c41946
_d41946